[Event "Open internationaal tornooi van Gent"]
[Site "Gent Kuipke, Belgium"]
[Date "2022.07.21"]
[Round "4.7"]
[White "Omelja, Artem"]
[Black "Tack, Frederik"]
[Result "1-0"]
[WhiteElo "2478"]
[BlackElo "2130"]
[Annotator "EVL"]
[PlyCount "67"]
[EventDate "2022.??.??"]

{[%evp 0,67,23,23,23,0,4,-31,0,-24,-25,-22,-7,-77,-13,-13,22,34,43,26,46,56,50,
63,99,91,112,98,112,77,82,79,116,107,112,116,132,126,127,136,149,138,162,172,
172,175,180,127,166,139,150,151,251,271,310,316,308,326,316,350,412,415,419,
378,413,406,428,428,440,508]} 1. Nf3 Nf6 2. c4 e6 3. b3 b6 4. g3 Bb7 5. Bg2 d5
6. e3 c5 7. O-O g6 8. Bb2 Bg7 9. cxd5 Bxd5 10. Nc3 Bb7 11. d4 cxd4 12. Nxd4
Bxg2 13. Kxg2 O-O 14. Qf3 Nd5 15. Rfd1 Qf6 16. Nxd5 Qxf3+ 17. Nxf3 exd5 18.
Bxg7 Kxg7 19. Rxd5 Nc6 20. Rc1 Nb4 21. Rd7 Rfd8 22. Rxd8 Rxd8 23. a3 Nd3 24.
Rc7 a5 25. Ng5 Ne1+ 26. Kf1 Rd1 27. Ke2 Rb1 28. Rxf7+ Kg8 29. Rc7 Rxb3 30. Kxe1
Rxa3 31. e4 Ra1+ 32. Ke2 Ra2+ 33. Ke3 b5 34. e5 1-0

[Event "Open internationaal tornooi van Gent"]
[Site "Gent Kuipke, Belgium"]
[Date "2022.07.21"]
[Round "4.10"]
[White "Palchuk, Andrii"]
[Black "Eerens, Pim"]
[Result "1/2-1/2"]
[WhiteElo "2248"]
[BlackElo "2079"]
[Annotator "EVL"]
[PlyCount "112"]
[EventDate "2022.??.??"]

{[%evp 0,112,23,23,23,15,23,-14,-1,-30,-8,-11,2,16,8,8,10,11,19,15,2,0,-12,-29,
11,-14,-43,-27,-27,-27,0,-13,-9,-31,14,-6,36,-6,8,12,30,28,26,43,31,42,30,56,
64,3,-4,-33,12,14,19,13,38,12,94,79,93,51,98,101,101,72,72,70,55,56,55,71,97,
81,72,11,-6,-40,16,24,-29,-29,-29,-29,-38,-59,-33,-5,0,0,34,25,12,13,38,54,37,
32,32,28,28,45,48,11,0,-4,-22,0,0,0,0,0,0,0,0]} 1. d4 d5 2. Nf3 Nf6 3. c4 e6 4.
g3 c6 5. Nbd2 Be7 6. Bg2 O-O 7. O-O b6 8. Qc2 Bb7 9. e4 Na6 10. a3 c5 11. exd5
exd5 12. dxc5 Nxc5 13. b4 Ne6 14. Bb2 Rc8 15. Ne5 Qc7 16. Rac1 dxc4 17. Qxc4
Qd6 18. Qe2 Bxg2 19. Kxg2 Qd5+ 20. Ndf3 Qb7 21. Kg1 h6 22. Ng6 Rfe8 23. Rxc8
Rxc8 24. Nfh4 Bd8 25. Re1 Qc6 26. Ne5 Qc2 27. b5 Qxe2 28. Rxe2 Nc5 29. Nf5 Rc7
30. Rd2 Be7 31. Nc6 Bf8 32. Bxf6 gxf6 33. Rd8 Ne6 34. Ra8 Kh7 35. a4 a5 36. Ne3
Rd7 37. h4 Bc5 38. Kg2 Bxe3 39. fxe3 Nc5 40. Nd4 Rb7 41. Nf5 Nxa4 42. Nd6 Rd7
43. Ne4 Kg7 44. g4 Rd5 45. Rg8+ Kxg8 46. Nxf6+ Kg7 47. Nxd5 Nb2 48. Nxb6 a4 49.
Nd5 a3 50. Nb4 Nc4 51. Kf3 Kf6 52. Kf4 Ke6 53. e4 f6 54. Na2 Kf7 55. Nb4 Ke6
56. Na2 Kf7 1/2-1/2

[Event "Open internationaal tornooi van Gent"]
[Site "Gent Kuipke, Belgium"]
[Date "2022.07.22"]
[Round "5.5"]
[White "Lammens, Tim"]
[Black "Omelja, Artem"]
[Result "0-1"]
[WhiteElo "2255"]
[BlackElo "2478"]
[PlyCount "96"]
[EventDate "2022.??.??"]

1. Nf3 d5 2. g3 Nf6 3. Bg2 e6 4. d4 b5 5. O-O Be7 6. a4 b4 7. c4 bxc3 8. Nxc3
O-O 9. a5 Nc6 10. Bf4 Ba6 11. Qa4 Nb4 12. Rfc1 c6 13. Ne5 Qc8 14. Qd1 Qb7 15.
Na4 Bb5 16. Qb3 Na6 17. Nc3 Rfc8 18. Bf1 Nb4 19. Nxb5 cxb5 20. Bd2 Nc6 21. Nxc6
Rxc6 22. Rxc6 Qxc6 23. Rc1 Qb7 24. Qc2 a6 25. e3 Kf8 26. Bd3 g6 27. f3 Ke8 28.
Qc7 Qxc7 29. Rxc7 Bd6 30. Rc2 Kd7 31. Kf2 Rc8 32. Rxc8 Kxc8 33. Ke2 Nd7 34. e4
Nb8 35. Bb1 Kd7 36. Ba2 dxe4 37. fxe4 Nc6 38. d5 Nd4+ 39. Ke3 Bc5 40. Kf4 e5+
41. Kxe5 Nf3+ 42. Kf6 Nxd2 43. e5 Bd4 44. d6 Nc4 45. Kxf7 Bxe5 46. Kg8 h5 47.
Kf7 g5 48. Kg6 h4 0-1

[Event "Open internationaal tornooi van Gent"]
[Site "Gent Kuipke, Belgium"]
[Date "2022.07.22"]
[Round "5.6"]
[White "De Jong, Jasper"]
[Black "Helmut, Froeyman"]
[Result "1/2-1/2"]
[WhiteElo "2088"]
[BlackElo "2289"]
[PlyCount "69"]
[EventDate "2022.??.??"]

1. e4 e5 2. Nf3 Nc6 3. Bc4 Bc5 4. d3 Nf6 5. Nc3 d6 6. Be3 Bxe3 7. fxe3 Na5 8.
Bb3 Nxb3 9. axb3 O-O 10. O-O a6 11. Qe1 c6 12. h3 Qe7 13. Nh4 d5 14. Nf5 Bxf5
15. exf5 Rfe8 16. Qf2 Rad8 17. Ra4 Qd6 18. g4 d4 19. Nd1 dxe3 20. Nxe3 h6 21.
h4 b5 22. Rxa6 e4 23. d4 Qxd4 24. Rxc6 Qxb2 25. g5 hxg5 26. hxg5 Nd5 27. f6
Nxe3 28. Qxe3 Qd4 29. Qxd4 Rxd4 30. fxg7 Rd5 31. g6 Rg5+ 32. Kf2 e3+ 33. Ke2
Rxg6 34. Rxg6 fxg6 35. Rf8+ 1/2-1/2

[Event "Open internationaal tornooi van Gent"]
[Site "Gent Kuipke, Belgium"]
[Date "2022.07.22"]
[Round "5.13"]
[White "McMichael, Richard J"]
[Black "Pauwels, Xander"]
[Result "1/2-1/2"]
[WhiteElo "2139"]
[BlackElo "2040"]
[PlyCount "74"]
[EventDate "2022.??.??"]

1. b3 e5 2. Bb2 Nc6 3. e3 Nge7 4. c4 d5 5. cxd5 Nxd5 6. a3 Bd6 7. Nc3 Nxc3 8.
Bxc3 O-O 9. Nf3 Qe7 10. b4 e4 11. Nd4 Nxd4 12. Bxd4 a5 13. Be2 Bd7 14. Qc2 axb4
15. axb4 Rxa1+ 16. Bxa1 Bxb4 17. O-O Bc6 18. Rb1 Bd6 19. Qc3 f6 20. Ba6 Bxh2+
21. Kxh2 Qd6+ 22. g3 bxa6 23. Rc1 Bb5 24. Qxc7 Qxd2 25. Kg1 Qd7 26. Qc2 Bd3 27.
Qa2+ Kh8 28. Bd4 h6 29. Rc5 Rb8 30. Rc1 Kh7 31. Qa5 Rb5 32. Qxa6 Rh5 33. Qc8
Qxc8 34. Rxc8 Be2 35. Rc5 Rxc5 36. Bxc5 h5 37. Bd6 Kg6 1/2-1/2

[Event "Open internationaal tornooi van Gent"]
[Site "Gent Kuipke, Belgium"]
[Date "2022.07.22"]
[Round "5.4"]
[White "Domalchuk-Jonasson, Aleksandr"]
[Black "Van den Doel, Erik"]
[Result "0-1"]
[WhiteElo "2244"]
[BlackElo "2589"]
[PlyCount "74"]
[EventDate "2022.??.??"]

1. d4 Nf6 2. c4 e6 3. Nc3 Bb4 4. Qc2 c5 5. dxc5 O-O 6. Nf3 Na6 7. a3 Bxc3+ 8.
Qxc3 Nxc5 9. e3 b6 10. b4 Nce4 11. Qd4 Ba6 12. Bb2 d6 13. Be2 Rc8 14. Rc1 e5
15. Qd1 Qd7 16. O-O Qe6 17. Ne1 Bxc4 18. Bxc4 Rxc4 19. Rxc4 Qxc4 20. f3 Nd5 21.
fxe4 Qxf1+ 22. Kxf1 Nxe3+ 23. Ke2 Nxd1 24. Kxd1 f5 25. exf5 Rxf5 26. Ke2 Kf7
27. Nd3 Ke6 28. g4 Rf7 29. b5 Kd5 30. a4 Kc4 31. Ke3 Kb3 32. Ke4 Kxa4 33. Kd5
Rf3 34. Ke4 Rh3 35. Bc1 Kxb5 36. Bg5 a5 37. Be7 d5+ 0-1

[Event "Open internationaal tornooi van Gent"]
[Site "Gent Kuipke, Belgium"]
[Date "2022.07.22"]
[Round "5.10"]
[White "Eerens, Pim"]
[Black "Oorebeek, Erwin"]
[Result "1/2-1/2"]
[WhiteElo "2079"]
[BlackElo "2191"]
[PlyCount "24"]
[EventDate "2022.??.??"]

1. d4 Nf6 2. Nf3 c5 3. d5 b5 4. c3 Bb7 5. e4 Qb6 6. a4 a6 7. Nbd2 e6 8. axb5
axb5 9. Rxa8 Bxa8 10. Qb3 exd5 11. exd5 Bxd5 12. Qxb5 Qxb5 1/2-1/2

[Event "Open internationaal tornooi van Gent"]
[Site "Gent Kuipke, Belgium"]
[Date "2022.07.22"]
[Round "5.2"]
[White "Flom, Gabriel"]
[Black "Sivuk, Vitaly"]
[Result "1/2-1/2"]
[WhiteElo "2410"]
[BlackElo "2565"]
[PlyCount "47"]
[EventDate "2022.??.??"]

1. d4 e6 2. Nf3 Nf6 3. Bf4 b6 4. e3 Bb7 5. h3 Bd6 6. Bxd6 cxd6 7. c4 O-O 8. Nc3
d5 9. Rc1 dxc4 10. Bxc4 Nc6 11. O-O Rc8 12. Qe2 Qc7 13. Ba6 Qb8 14. a3 Ne7 15.
Rc2 Ne4 16. Rfc1 Nxc3 17. Rxc3 Rxc3 18. Rxc3 Rc8 19. Rxc8+ Qxc8 20. Bxb7 Qxb7
21. Qc4 Qc6 22. Ne5 Qxc4 23. Nxc4 Kf8 24. Kf1 1/2-1/2

[Event "Open internationaal tornooi van Gent"]
[Site "Gent Kuipke, Belgium"]
[Date "2022.07.22"]
[Round "5.7"]
[White "Dauw, Sterre"]
[Black "Clemens, Adrian"]
[Result "0-1"]
[WhiteElo "2287"]
[BlackElo "2080"]
[PlyCount "78"]
[EventDate "2022.??.??"]

1. Nf3 Nf6 2. c4 g6 3. Nc3 Bg7 4. e4 d6 5. d4 O-O 6. Be2 Nbd7 7. Bg5 h6 8. Be3
e5 9. d5 Ng4 10. Bd2 f5 11. h3 Ngf6 12. exf5 gxf5 13. Qc1 f4 14. g3 Nc5 15.
gxf4 exf4 16. Bxf4 Nh5 17. Be3 Rxf3 18. Bxf3 Nd3+ 19. Kd2 Nxc1 20. Bxh5 Qh4 21.
Bf3 Bf5 22. Raxc1 Qxc4 23. Rhg1 Qd3+ 24. Ke1 Re8 25. Nd1 Re7 26. Rc3 Qb1 27.
Be2 Kh7 28. Ra3 a6 29. Rb3 b6 30. Bxa6 Qxa2 31. Ra3 Qb1 32. Be2 Bf6 33. Ra8
Bxb2 34. Rgg8 Bc3+ 35. Kf1 Bxh3+ 36. Kg1 Rg7+ 37. Rxg7+ Bxg7 38. Ra7 Qg6+ 39.
Kh2 Qg2# 0-1

[Event "Open internationaal tornooi van Gent"]
[Site "Gent Kuipke, Belgium"]
[Date "2022.07.22"]
[Round "5.3"]
[White "Burdalev, Kirill"]
[Black "Van der Stricht, Geert"]
[Result "0-1"]
[WhiteElo "2381"]
[BlackElo "2401"]
[Annotator "EVL"]
[PlyCount "159"]
[EventDate "2022.??.??"]

{[%evp 0,159,22,22,24,24,24,-9,30,33,50,18,88,32,34,7,14,15,15,7,10,2,28,-7,70,
65,94,90,66,75,75,59,63,48,76,0,43,43,31,12,33,28,43,19,48,48,25,26,2,-90,17,
26,26,18,24,30,14,-14,-19,-59,-46,-70,-55,-55,-12,-12,24,-108,-6,-6,-20,-43,95,
35,60,60,67,28,35,36,26,21,29,30,42,45,63,40,41,34,56,52,54,49,51,0,49,51,61,
66,66,61,85,63,154,43,13,12,0,0,40,0,36,26,24,38,103,106,106,123,154,169,167,
138,162,249,260,35,23,85,85,16,69,74,72,72,68,68,103,103,103,110,124,114,121,
87,82,93,106,104,138,132,117,101,174,170,229,256,274,311,312,326]} 1. d4 Nf6 2.
Nf3 d5 3. c4 c6 4. e3 Bg4 5. h3 Bh5 6. Bd3 e6 7. Nbd2 Bg6 8. Bxg6 hxg6 9. Qc2
Nbd7 10. O-O Bb4 11. e4 Rh5 12. e5 Ng8 13. Qb3 a5 14. cxd5 cxd5 15. Nb1 Qb6 16.
a3 Bf8 17. Qd1 Ne7 18. Nc3 Nc6 19. Rb1 Be7 20. Be3 Qa6 21. Ne2 a4 22. Nf4 Rh8
23. Bd2 g5 24. Ne2 g4 25. hxg4 Qd3 26. Bf4 Qh7 27. Ng3 Nb6 28. Rc1 Nc4 29. Rxc4
dxc4 30. d5 exd5 31. Qxd5 Rd8 32. Qb5 Kf8 33. Re1 Nd4 34. Nxd4 Rxd4 35. Qxa4
Qd3 36. Qa8+ Rd8 37. Qxb7 g6 38. Qe4 Rd4 39. Qxd3 cxd3 40. Be3 Rxg4 41. Rd1 Bh4
42. Rxd3 Bxg3 43. fxg3 Ke7 44. Bd2 Rc8 45. Bc3 Re4 46. Kf2 g5 47. Re3 Rec4 48.
Rd3 Re4 49. Kf3 Rec4 50. Ke2 g4 51. Kd2 R8c6 52. Rd4 Rxd4+ 53. Bxd4 Ke6 54. Bc3
Kd5 55. Ke3 Rh6 56. Kf4 Rh2 57. Kxg4 Ke4 58. Kg5 Rxg2 59. Kf6 Rf2+ 60. Ke7 Kd5
61. a4 Kc6 62. a5 Rf5 63. e6 fxe6 64. Kxe6 Rg5 65. Be1 Rg8 66. Kf5 Rf8+ 67. Kg5
Rg8+ 68. Kf4 Rf8+ 69. Ke3 Re8+ 70. Kf2 Kd5 71. Bc3 Ke4 72. Ke2 Rg8 73. Be1 Rb8
74. b4 Re8 75. Bf2 Kd5+ 76. Kd3 Rf8 77. Be3 Rf3 78. g4 Rg3 79. g5 Rg4 80. b5
0-1

[Event "Open internationaal tornooi van Gent"]
[Site "Gent Kuipke, Belgium"]
[Date "2022.07.22"]
[Round "5.1"]
[White "Michiels, Bart"]
[Black "Maerevoet, Sim"]
[Result "1-0"]
[WhiteElo "2571"]
[BlackElo "2409"]
[PlyCount "89"]
[EventDate "2022.??.??"]

1. c4 e5 2. Nc3 Nf6 3. Nf3 e4 4. Ng5 c6 5. Ngxe4 Nxe4 6. Nxe4 d5 7. cxd5 cxd5
8. Ng3 Nc6 9. e3 h5 10. d4 Bd6 11. Bd2 h4 12. Ne2 O-O 13. Nc3 Qg5 14. Be2 Qxg2
15. Bf3 Qg6 16. Bxd5 Nb4 17. Be4 Bf5 18. Qb1 Bxe4 19. Qxe4 f5 20. Qb1 Qg2 21.
Rf1 Rae8 22. a3 Nc6 23. Qa2+ Rf7 24. O-O-O Bxh2 25. f4 Rd8 26. Qc4 h3 27. Qe2
Bg3 28. Qxg2 hxg2 29. Rg1 Bh4 30. Rxg2 Bf6 31. Kc2 Rfd7 32. Rh1 Kf7 33. Rh5 Ne7
34. Be1 Rc8 35. Kd3 g6 36. Rh7+ Bg7 37. Rgh2 Ng8 38. Bh4 Nh6 39. Bf6 Kxf6 40.
R2xh6 Kf7 41. Rh2 Rdd8 42. Rc2 g5 43. Rh5 Bf6 44. fxg5 Bg7 45. Ne2 1-0

[Event "Open internationaal tornooi van Gent"]
[Site "Gent Kuipke, Belgium"]
[Date "2022.07.22"]
[Round "5.12"]
[White "Stuer, Marc"]
[Black "Van Kessel, Wessel"]
[Result "1/2-1/2"]
[WhiteElo "2045"]
[BlackElo "2140"]
[Annotator "EVL"]
[PlyCount "151"]
[EventDate "2022.??.??"]

{[%evp 0,151,22,22,24,24,24,-10,23,-56,-39,-37,-64,-96,-104,-142,-91,-157,-66,
-58,-64,-85,-19,-24,-23,-45,-24,-33,58,33,38,20,24,29,32,32,48,34,34,-93,-68,
-108,-42,-194,-97,-150,-166,-168,-126,-123,-96,-104,-94,-45,-9,-34,-13,-20,10,
9,3,0,15,14,7,3,12,5,13,0,0,0,4,-7,-2,-5,-11,-8,-13,-16,-13,-12,-12,-15,-15,
-15,0,-6,0,-2,-5,0,0,0,0,-21,-13,-10,-10,-12,-9,-21,-18,-18,0,-27,-22,-33,-24,
-12,-4,-35,-18,-25,-30,-18,-13,-18,-17,-14,0,-27,0,-10,-17,-22,0,-8,0,0,0,0,0,
0,0,0,0,0,72,67,87,88,81,82,75,80,61,68,84,79,293,61,325,22]} 1. d4 Nf6 2. Nf3
d5 3. g3 c5 4. c4 dxc4 5. Na3 Nc6 6. Bg2 cxd4 7. Nxc4 e5 8. O-O Qc7 9. Bg5 Be6
10. Rc1 Bxc4 11. Rxc4 Be7 12. Qc2 O-O 13. Nh4 Nd5 14. Bxd5 Bxg5 15. Bxc6 bxc6
16. Rxc6 Qa5 17. Nf3 Be7 18. a3 Rab8 19. Qc4 Rxb2 20. Ra6 Qc3 21. Rc1 Qxc4 22.
Rxc4 Rxe2 23. Rxa7 Bf6 24. Rd7 Ra2 25. Rd5 Re8 26. Nxe5 Rxa3 27. Rcxd4 Ra1+ 28.
Kg2 Re1 29. Nf3 R1e2 30. Rd2 R2e4 31. h4 h6 32. Rc2 Ra8 33. Rdc5 Rb4 34. Rc8+
Rxc8 35. Rxc8+ Kh7 36. Rc7 Kg6 37. Rc6 Kf5 38. Rc7 Ke6 39. Rc6+ Kd5 40. Rc7 Ke6
41. Rc6+ Kd7 42. Ra6 Rb2 43. g4 Rb4 44. Kg3 Rb3 45. Kg2 Rb2 46. g5 hxg5 47.
hxg5 Bc3 48. Kg3 Ke7 49. Rc6 Rb3 50. Kg2 g6 51. Ra6 Bb2 52. Nd2 Rb4 53. f3 Bd4
54. Ne4 Rb1 55. Rc6 Be3 56. Kh2 Bf4+ 57. Kh3 Rg1 58. Kh4 Rg2 59. Ra6 Rg1 60.
Rc6 Kf8 61. Rf6 Be5 62. Rc6 Kg7 63. Ra6 Kh7 64. Ra7 Kg7 65. Ra6 Rf1 66. Kg4
Rg1+ 67. Kh4 Bf4 68. Rc6 Kh7 69. Rf6 Be5 70. Rxf7+ Kg8 71. Re7 Rh1+ 72. Kg4
Rg1+ 73. Kh3 Bf4 74. Re6 Rh1+ 75. Kg2 Rh5 76. Re7 1/2-1/2

[Event "Open internationaal tornooi van Gent"]
[Site "Gent Kuipke, Belgium"]
[Date "2022.07.22"]
[Round "5.8"]
[White "Kegels, Pascal"]
[Black "Palchuk, Andrii"]
[Result "0-1"]
[WhiteElo "2081"]
[BlackElo "2248"]
[PlyCount "52"]
[EventDate "2022.??.??"]

1. e4 e5 2. Nf3 d6 3. d4 exd4 4. Qxd4 Nc6 5. Bb5 Nge7 6. Nc3 a6 7. Bxc6+ Nxc6
8. Qd3 Be6 9. Bg5 f6 10. Be3 Qd7 11. Nd5 Rd8 12. h4 Ne5 13. Qc3 c6 14. Nf4 Bf7
15. O-O-O h5 16. Bb6 Rc8 17. Bd4 Qc7 18. Nd2 b5 19. Ne2 Rb8 20. f4 Ng4 21. e5
dxe5 22. fxe5 fxe5 23. Bc5 b4 24. Qg3 Bxc5 25. Ne4 Be3+ 26. Kb1 O-O 0-1

[Event "Open internationaal tornooi van Gent"]
[Site "Gent Kuipke, Belgium"]
[Date "2022.07.22"]
[Round "6.4"]
[White "Maerevoet, Sim"]
[Black "Lindam, Ingo"]
[Result "1-0"]
[WhiteElo "2409"]
[BlackElo "2130"]
[PlyCount "51"]
[EventDate "2022.??.??"]

1. e4 c5 2. Nf3 Nc6 3. d4 cxd4 4. Nxd4 e6 5. Nc3 Qc7 6. a3 a6 7. g4 Nf6 8. Nxc6
dxc6 9. g5 Nd7 10. Be3 e5 11. Qf3 b5 12. h4 Nc5 13. h5 Be6 14. O-O-O Rb8 15.
Bh3 b4 16. axb4 Rxb4 17. g6 hxg6 18. hxg6 Rxh3 19. Rxh3 Qa5 20. Rh8 Nb3+ 21.
cxb3 Qa1+ 22. Nb1 Rxb3 23. gxf7+ Bxf7 24. Rxf8+ Kxf8 25. Rd8+ Ke7 26. Bg5+ 1-0

[Event "Open internationaal tornooi van Gent"]
[Site "Gent Kuipke, Belgium"]
[Date "2022.07.22"]
[Round "6.1"]
[White "Van der Stricht, Geert"]
[Black "Michiels, Bart"]
[Result "0-1"]
[WhiteElo "2401"]
[BlackElo "2571"]
[PlyCount "82"]
[EventDate "2022.??.??"]

1. d4 d5 2. c4 e6 3. Nc3 Nf6 4. cxd5 exd5 5. Bg5 c6 6. e3 Bf5 7. Qf3 Bg6 8.
Bxf6 Qxf6 9. Qxf6 gxf6 10. Nf3 Nd7 11. g3 Be7 12. Nh4 Nb6 13. Bh3 Nc4 14. O-O-O
a5 15. Nf5 Bb4 16. Na4 Nd6 17. Nxd6+ Bxd6 18. f3 h5 19. e4 dxe4 20. fxe4 h4 21.
Bf5 Bxf5 22. exf5 O-O-O 23. Nb6+ Kc7 24. Nc4 a4 25. Kc2 hxg3 26. Nxd6 Rxd6 27.
hxg3 Rxh1 28. Rxh1 Rxd4 29. Rh4 Rd5 30. Rxa4 Rxf5 31. Rd4 Rf2+ 32. Kc3 Rf3+ 33.
Rd3 Rxd3+ 34. Kxd3 f5 35. Kd4 Kd6 36. a4 b5 37. b3 c5+ 38. Kc3 Kc6 39. a5 Kb7
40. b4 cxb4+ 41. Kb3 Ka7 0-1

[Event "Open internationaal tornooi van Gent"]
[Site "Gent Kuipke, Belgium"]
[Date "2022.07.22"]
[Round "6.9"]
[White "Burdalev, Kirill"]
[Black "De Block, Yordi"]
[Result "1-0"]
[WhiteElo "2381"]
[BlackElo "2100"]
[PlyCount "59"]
[EventDate "2022.??.??"]

1. d4 Nf6 2. Nf3 e6 3. g3 b6 4. Bg2 Bb7 5. O-O Be7 6. c4 d5 7. Ne5 O-O 8. Nc3
c6 9. e4 Nxe4 10. Nxe4 dxe4 11. Bxe4 f5 12. Bg2 Qc7 13. Qe2 c5 14. d5 exd5 15.
cxd5 Ba6 16. Nc4 Bxc4 17. Qxc4 Bd6 18. Re1 Nd7 19. Re6 Kh8 20. Bd2 Rae8 21. f4
b5 22. Qxb5 Rxe6 23. dxe6 Nb6 24. Bc3 Qc8 25. Re1 Re8 26. Bb7 Qb8 27. Bc6 Re7
28. Qd3 Qc7 29. Qxf5 Qxc6 30. Qf8# 1-0

[Event "Open internationaal tornooi van Gent"]
[Site "Gent Kuipke, Belgium"]
[Date "2022.07.22"]
[Round "6.10"]
[White "Froeyman, Helmut"]
[Black "Eerens, Pim"]
[Result "1-0"]
[WhiteElo "2289"]
[BlackElo "2079"]
[PlyCount "71"]
[EventDate "2022.??.??"]

1. e4 c5 2. Nf3 d6 3. d4 cxd4 4. Nxd4 Nf6 5. Nc3 e6 6. Be3 Be7 7. f3 Nc6 8. Qd2
d5 9. O-O-O dxe4 10. Nxc6 Qxd2+ 11. Rxd2 bxc6 12. Nxe4 Nd5 13. Bc5 Bxc5 14.
Nxc5 Ke7 15. Be2 Rd8 16. Rhd1 Bd7 17. c4 Nf6 18. Kc2 Be8 19. Kc3 Rxd2 20. Rxd2
Rd8 21. Rxd8 Kxd8 22. Kb4 Kc7 23. Ka5 Nd7 24. Nxd7 Bxd7 25. c5 e5 26. a4 Be6
27. b4 f5 28. b5 cxb5 29. axb5 Bd5 30. Ka6 Kb8 31. b6 axb6 32. Kxb6 e4 33. c6
Be6 34. c7+ Ka8 35. Bb5 e3 36. Bc6# 1-0

[Event "Open internationaal tornooi van Gent"]
[Site "Gent Kuipke, Belgium"]
[Date "2022.07.22"]
[Round "6.6"]
[White "Duijker, Rick"]
[Black "Stone, Andrew M"]
[Result "0-1"]
[WhiteElo "2194"]
[BlackElo "2096"]
[Annotator "EVL"]
[PlyCount "112"]
[EventDate "2022.??.??"]

{[%evp 0,112,32,24,20,-7,5,-17,2,-45,-47,-36,-45,-34,-37,-48,-49,-126,-115,
-101,-83,-82,-109,-99,-58,-73,-68,-86,-62,-156,-75,-130,-140,-133,-101,-101,
-80,-112,-132,-150,-124,-187,-185,-181,-171,-244,-203,-206,-204,-196,-198,-227,
-217,-234,-154,-271,-277,-276,-293,-345,-313,-495,-510,-506,-349,-347,-376,
-376,-379,-400,-434,-450,-454,-461,-371,-44,-29,-7,0,0,46,87,87,103,103,33,161,
50,161,229,220,214,224,272,257,286,257,25,47,114,106,132,171,47,12,0,0,0,0,-31,
-6,-29,-31,-442,-480]} 1. d4 d5 2. Bg5 h6 3. Bh4 c5 4. e4 dxe4 5. d5 g5 6. Bg3
Bg7 7. Nc3 f5 8. f4 g4 9. Qd2 a6 10. Bf2 Qd6 11. a4 b6 12. Bc4 h5 13. Nge2 Nf6
14. Ng3 Bh6 15. Be3 h4 16. Nf1 Kf8 17. g3 h3 18. Qf2 Nbd7 19. Rd1 Ne8 20. Bc1
Bg7 21. Ne3 Qg6 22. d6 Bxc3+ 23. bxc3 Nxd6 24. Bd5 Ra7 25. a5 bxa5 26. Ba3 Rc7
27. Bb3 Nb6 28. Nd5 Nxd5 29. Rxd5 Bb7 30. O-O Bxd5 31. Bxd5 e6 32. Ba2 Nb7 33.
Rb1 Qe8 34. Qd4 Rh6 35. Qe5 Qc6 36. Bc4 Qd6 37. Rxb7 Qxe5 38. Rb8+ Kg7 39. fxe5
Rh8 40. Rxh8 Kxh8 41. Bxe6 Rb7 42. Bb3 a4 43. Bxa4 Rb1+ 44. Kf2 Rh1 45. e6 e3+
46. Ke2 Rxh2+ 47. Kxe3 Rh1 48. Kf4 Rf1+ 49. Kg5 h2 50. Bc6 f4 51. e7 Re1 52.
gxf4 Rxe7 53. Bxc5 Re1 54. Kxg4 h1=Q 55. Bxh1 Rxh1 56. Kf5 Rh5+ 0-1

[Event "Open internationaal tornooi van Gent"]
[Site "Gent Kuipke, Belgium"]
[Date "2022.07.22"]
[Round "6.8"]
[White "Clemens, Adrian"]
[Black "Hulshof, Peter"]
[Result "1/2-1/2"]
[WhiteElo "2080"]
[BlackElo "2134"]
[PlyCount "32"]
[EventDate "2022.??.??"]

1. d4 d5 2. c4 c6 3. Nf3 Nf6 4. Nc3 dxc4 5. a4 Bf5 6. Ne5 e6 7. f3 Bb4 8. e4
Bxe4 9. fxe4 Nxe4 10. Bd2 Qxd4 11. Nxe4 Qxe4+ 12. Qe2 Bxd2+ 13. Kxd2 Qd5+ 14.
Kc2 Na6 15. Nxc4 O-O-O 16. Qe3 Kb8 1/2-1/2

[Event "Open internationaal tornooi van Gent"]
[Site "Gent Kuipke, Belgium"]
[Date "2022.07.22"]
[Round "6.3"]
[White "Sivuk, Vitaly"]
[Black "Omelja, Artem"]
[Result "1-0"]
[WhiteElo "2565"]
[BlackElo "2478"]
[PlyCount "39"]
[EventDate "2022.??.??"]

1. d4 d5 2. c4 e6 3. Nf3 Nf6 4. g3 Bb4+ 5. Bd2 Be7 6. Bg2 O-O 7. Qc2 c6 8. O-O
b6 9. Rd1 Bb7 10. b3 Nbd7 11. Nc3 Ba6 12. Bf4 dxc4 13. bxc4 Qc8 14. Ne5 Nxe5
15. dxe5 Nd7 16. Ne4 Qc7 17. Nf6+ Bxf6 18. exf6 e5 19. fxg7 Kxg7 20. Qf5 1-0

[Event "Open internationaal tornooi van Gent"]
[Site "Gent Kuipke, Belgium"]
[Date "2022.07.22"]
[Round "6.5"]
[White "Becx, Cesar"]
[Black "Palchuk, Andrii"]
[Result "0-1"]
[WhiteElo "2128"]
[BlackElo "2248"]
[Annotator "EVL"]
[PlyCount "108"]
[EventDate "2022.??.??"]

{[%evp 0,108,13,-35,-35,-24,-18,-42,-39,-31,-36,-36,1,-37,18,-2,3,-45,40,44,45,
-4,-4,12,-1,-12,-14,4,6,2,35,6,6,13,3,-11,-15,-15,-5,-21,-32,-47,-38,-44,-45,
-46,-27,-59,-75,-112,-103,-85,-85,-74,-84,-88,-84,-79,-61,-173,-166,-202,-103,
-103,-84,-76,-93,-93,-95,-102,-95,-142,-144,-136,-156,-158,-156,-151,-134,-151,
-154,-151,-156,-153,-153,-173,-160,-217,-227,-216,-233,-232,-258,-265,-258,
-253,-269,-278,-270,-285,-280,-484,-470,-483,-483,-496,-328,-431,-423,-427,
-426]} 1. f4 d5 2. Nf3 g6 3. g3 Bg7 4. Bg2 Nf6 5. O-O c5 6. d3 d4 7. c3 O-O 8.
e4 dxe3 9. Bxe3 Qc7 10. Ne5 Nbd7 11. d4 Nxe5 12. dxe5 Ng4 13. Bc1 Rd8 14. Qe2
f6 15. Qc4+ Kh8 16. h3 Nh6 17. exf6 exf6 18. g4 Rb8 19. Be3 b6 20. Na3 Bb7 21.
Bxb7 Qxb7 22. Rae1 Nf7 23. Bc1 f5 24. Qe6 Nd6 25. Nc4 Ne4 26. Ne5 Bxe5 27.
Qxe5+ Kg8 28. Qe6+ Kf8 29. gxf5 Re8 30. Qc4 gxf5 31. Kh2 Rbd8 32. Rg1 Qf7 33.
Qxf7+ Kxf7 34. Re3 Re6 35. b3 c4 36. bxc4 Rc6 37. Re2 Rd3 38. Re3 Rdd6 39. c5
Rxc5 40. Rg2 Rc4 41. Rc2 Rd1 42. Kg2 Rc6 43. Kf3 Rg6 44. Rxe4 fxe4+ 45. Kxe4
Re6+ 46. Kf5 Rd5+ 47. Kg4 Rg6+ 48. Kh4 Rd3 49. f5 Rgg3 50. Bg5 Rxh3+ 51. Kg4
Rdg3+ 52. Kf4 h6 53. Bd8 Rd3 54. Bc7 Rxc3 0-1